000 00504nam a22001817a 4500
005 20251108164225.0
008 250721s1994 xx 000 0 ara d
082 1 4 _a618.1/حسا
100 1 _aجعفر، حسان
245 1 0 _aالأمراض النسائية /
264 1 _aبيروت :
_bدار المناهل،
_c1994.
300 _a159ص
490 0 _aالكتاب الطبي
650 1 7 _aالأمراض النسائية
700 1 _aجعفر، غسان
942 _2ddc
_cBK
999 _c6770
_d6770